|
|
|
|
| LEADER |
01206nam a2200313 a 4500 |
| 001 |
31516 |
| 003 |
BD-DhAAL |
| 005 |
20170125145051.0 |
| 008 |
170125s1994 ilu b s001 0 eng |
| 010 |
|
|
|a 93037485
|
| 020 |
|
|
|a 0226095355 (paper : alk. paper)
|
| 020 |
|
|
|a 0226095347 (cloth : alk. paper)
|
| 040 |
|
|
|a DLC
|c DLC
|d DLC
|d BD-DhAAL
|
| 050 |
0 |
0 |
|a BL60
|b .C375 1994
|
| 082 |
0 |
0 |
|a 306.6
|2 20
|
| 082 |
0 |
0 |
|a 322.4330882
|2 20
|
| 100 |
1 |
|
|a Casanova, José.
|9 20948
|
| 245 |
1 |
0 |
|a Public religions in the modern world /
|c José Casanova.
|
| 260 |
|
|
|a Chicago :
|b University of Chicago Press,
|c 1994.
|
| 300 |
|
|
|a x, 320 p. ;
|c 24 cm.
|
| 504 |
|
|
|a Includes bibliographical references (p. 235-301) and index.
|
| 526 |
|
|
|a ESS
|
| 541 |
|
|
|e 31516
|
| 650 |
|
0 |
|a Religion and sociology.
|9 20949
|
| 856 |
4 |
2 |
|3 Publisher description
|u http://www.loc.gov/catdir/description/uchi052/93037485.html
|
| 856 |
4 |
1 |
|3 Table of contents
|u http://www.loc.gov/catdir/toc/uchi051/93037485.html
|
| 942 |
|
|
|2 ddc
|c BK
|
| 999 |
|
|
|c 37872
|d 37872
|
| 952 |
|
|
|0 0
|1 0
|2 ddc
|4 0
|6 306_600000000000000_CAS
|7 0
|9 59918
|a BRACUL
|b BRACUL
|c GEN
|d 2016-11-29
|e Trim Education
|g 2917.00
|l 0
|o 306.6 CAS
|p 3010031516
|r 2017-01-03
|t 1
|v 2917.00
|w 2016-11-29
|y BK
|